<?xml version="1.0" encoding="UTF-8"?>
<record
    xmlns:xsi="http://www.w3.org/2001/XMLSchema-instance"
    xsi:schemaLocation="http://www.loc.gov/MARC21/slim http://www.loc.gov/standards/marcxml/schema/MARC21slim.xsd"
    xmlns="http://www.loc.gov/MARC21/slim">

  <leader>01433nam a2200193 a 4500</leader>
  <controlfield tag="008">180528e1999    sp ||||g |||| 00| f spa d</controlfield>
  <datafield tag="020" ind1=" " ind2=" ">
    <subfield code="a">8401012317</subfield>
  </datafield>
  <datafield tag="041" ind1=" " ind2=" ">
    <subfield code="a">spa</subfield>
  </datafield>
  <datafield tag="092" ind1=" " ind2=" ">
    <subfield code="c">808</subfield>
    <subfield code="l">81</subfield>
    <subfield code="s">STE</subfield>
  </datafield>
  <datafield tag="100" ind1="1" ind2=" ">
    <subfield code="a">Steel, Danielle</subfield>
    <subfield code="9">3936</subfield>
  </datafield>
  <datafield tag="245" ind1=" " ind2="3">
    <subfield code="a">El fantasma /</subfield>
    <subfield code="c">Danielle Steel</subfield>
  </datafield>
  <datafield tag="250" ind1=" " ind2=" ">
    <subfield code="a">1a ed.</subfield>
    <subfield code="b">Traducci&#xF3;n Matuca Fern&#xE1;ndez de Villavicencio</subfield>
  </datafield>
  <datafield tag="260" ind1=" " ind2=" ">
    <subfield code="a">Barcelona:</subfield>
    <subfield code="b">Plaza &amp; Janes;</subfield>
    <subfield code="c">1999.</subfield>
  </datafield>
  <datafield tag="300" ind1=" " ind2=" ">
    <subfield code="a">285 p.</subfield>
  </datafield>
  <datafield tag="500" ind1=" " ind2=" ">
    <subfield code="a">Steel, D. (1999). El fantasma. (1a ed.). Barcelona : Plaza &amp; Janes.</subfield>
  </datafield>
  <datafield tag="505" ind1=" " ind2=" ">
    <subfield code="a">En El Fantasma Danielle Steel nos ofrece una nueva historia tan conmovedora como apasionante. La vida de Charles, un prestigioso arquitecto, se desmorona por completo cuando su esposa, de la que est&#xE1; perdidamente enamorado, le abandona por otro hombre. Desesperado, abandona Londres y vuelve a Nueva York. Pero tampoco all&#xED; le van bien las cosas y decide pasar una temporada en un peque&#xF1;o pueblo de Vermont para poner en orden su existencia. Sin embargo, no imagina que una ejemplarizante historia de amor, ocurrida muchos a&#xF1;os atr&#xE1;s en una peculiar mansi&#xF3;n, le permitir&#xE1; reorganizar su vida d&#xE1;ndole un sentido que ya cre&#xED;a perdido para siempre... El fantasma es una de las mejores novelas de Danielle Steel, la autora m&#xE1;s le&#xED;da del mundo, y su trama rom&#xE1;ntica, agridulce y a su vez esperanzadora hace las delicias del lector hasta la &#xFA;ltima p&#xE1;gina. </subfield>
  </datafield>
  <datafield tag="655" ind1=" " ind2=" ">
    <subfield code="a">Literatura</subfield>
    <subfield code="9">2917</subfield>
  </datafield>
  <datafield tag="942" ind1=" " ind2=" ">
    <subfield code="2">ddc</subfield>
    <subfield code="c">LIT</subfield>
  </datafield>
  <datafield tag="999" ind1=" " ind2=" ">
    <subfield code="c">3282</subfield>
    <subfield code="d">3282</subfield>
  </datafield>
  <datafield tag="952" ind1=" " ind2=" ">
    <subfield code="0">0</subfield>
    <subfield code="1">0</subfield>
    <subfield code="2">ddc</subfield>
    <subfield code="4">0</subfield>
    <subfield code="7">0</subfield>
    <subfield code="a">BFM</subfield>
    <subfield code="b">BFM</subfield>
    <subfield code="c">CR</subfield>
    <subfield code="d">2025-07-24</subfield>
    <subfield code="e">Donaci&#xF3;n Navarro, Adriana. Julio 2025</subfield>
    <subfield code="l">0</subfield>
    <subfield code="o">808 81 STE</subfield>
    <subfield code="p">5057</subfield>
    <subfield code="r">2025-07-24</subfield>
    <subfield code="t">Ej. 1</subfield>
    <subfield code="w">2025-07-24</subfield>
    <subfield code="y">LIT</subfield>
    <subfield code="z">Donaci&#xF3;n Navarro, Adriana. Julio 2025. Sede Tordos.</subfield>
    <subfield code="f"></subfield>
  </datafield>
</record>
